zpět

Detail výsledku týmu

Be Friendly, Praha

Datum a čas kvízu

37.5 Celkem bodů Celkový počet nahraných bodů na tomto kvízu bez doplňovacích otázek.
3. Pořadí na kvízu Konečné umístění týmu na tomto kvízu.

Zaznamenané odpovědi

# Otázka Odpověď Body Výsledky
1. Jak se nazývá uhelná elektrárn... Chvaletice 1
2. Ve středu se probudila k život... Stromboli 1
3. Ke které události uplynulého t... k Mezinárodnímu filmovému festivalu Karlovy Vary 1
4. Japonsko po 31 letech obnovilo... komerční lov velryb 1
5. V neděli vyvrcholil jeden z po... v basketbalu 1
6. V tomto tématu se vydáme autem... Palác kultury a vědy/Pałac Kultury i Nauki 0
7. Druhý den pokračujeme do litev... Pakt Ribbentrop-Molotov 1
8. Z Vilniusu pokračujeme do přím... Kaliningradská oblast 1
9. Z Klajpedy se přesuneme do Rig... secese 1
10. Poslední den se z Rigy vydáme... salmiak 0